00757 2200217 4500001002100000005001700021008004100038035002500079041000800104043001200112082001100124090002100135100001700156245012100173260007300294300002900367500007500396650004100471850001200512990001500524YOGYA-0209000007162120150820083812.0 ind  a0010-020900000071621 aind aYOPDYOG a368.41 aSK 368.41bSit J aSITI NURYATI aJaminan sosial lembaga kerja wanita yang bekerja pada pabrik tekstil jogjatex di kota Madya YogyakartacSITI NURYATI aYogyakartabUniversitas Muhammadiyah Yogyakarta fakultas Hukumc1996 aviii, 71 lembar ;c30 cm aLaporan tugas akhir Universitas Muhammadiyah Yogyakarta fakultas Hukum aTenaga kerja wanita - Jaminan Sosial aYOPDYOG a08A0035564